مكتبة جامعة عجلون الوطنية

فهرس بحث المكتبة

Normal view MARC view
  • الاسلام والاصلاح الاقتصادي- الاسلام والاقتصاد- المعاملات- فقه اسلامي

Entry Topical Term

Number of records used in: 1

001 - CONTROL NUMBER

  • control field: 30731

003 - CONTROL NUMBER IDENTIFIER

  • control field: JO-AjAnu

005 - DATE AND TIME OF LATEST TRANSACTION

  • control field: 20230606075201.0

008 - FIXED-LENGTH DATA ELEMENTS

  • fixed length control field: 230606|| aca||aabn | a|a d

040 ## - CATALOGING SOURCE

  • Original cataloging agency: JO-AjAnu
  • Transcribing agency: JO-AjAnu

150 ## - HEADING--TOPICAL TERM

  • Topical term or geographic name entry element: الاسلام والاصلاح الاقتصادي- الاسلام والاقتصاد- المعاملات- فقه اسلامي

670 ## - SOURCE DATA FOUND

  • Source citation: Work cat.: (JO-AjAnu)15784: الأشقر،محمد سليمان ، ماجد محمد أبو رخية ، محمد عثمان شبير ، عمر سليمان الأشقر, author 30730, بحوث فقهية في قضايا إقتصادية معاصرة، ج1